| 000 | 01084cam a22003257a 4500 | ||
|---|---|---|---|
| 003 | CHAP | ||
| 005 | 20220329133719.0 | ||
| 008 | 971013s1994 r 00010 d | ||
| 010 | _a9844 | ||
| 011 | _a10816 | ||
| 035 | _a10054 | ||
| 040 | _cCHAP | ||
| 090 | _aTesis | ||
| 100 | 0 | 0 |
_aSuárez Linares, Fernando Jorge. _9110708 |
| 245 | 1 | 3 | _aEl impacto del crédito agrícola en la producción nacional |
| 260 |
_aChapingo, Méx. : _bEl autor, _c1994 |
||
| 300 | _a79 h. | ||
| 502 | _aTesis (Ing. Agr. Esp. en Economía Agrícola) -- UACH. Departamento de Economía Agrícola | ||
| 590 |
_aALEPH _b10 _c20130110 _lUCH01 _h1225 |
||
| 590 |
_aBATCH-UPD _b10 _c20130110 _lUCH01 _h1845 |
||
| 590 |
_aBATCH-UPD _b10 _c20130410 _lUCH01 _h1215 |
||
| 590 |
_aBATCH-UPD _b10 _c20130914 _lUCH01 _h1100 |
||
| 590 |
_aCONVERSION _b10 _c20130109 _lUCH01 _h1306 |
||
| 650 | 1 | 4 |
_aCrédito agrícola _zMéxico. _929089 |
| 650 | 1 | 4 |
_aCultivos _xAspectos económicos. _930230 |
| 650 | 1 | 4 |
_aCultivos _xRendimiento. _930318 |
| 901 | _aBK | ||
| 942 | _cTESIS | ||
| 949 |
_bBC _cTES _d-21423 _eTS1 _h26555 _i10054 _si |
||
| 999 |
_c9844 _d9844 |
||